Modern European intellectual history : (Record no. 5507)

MARC details
000 -LEADER
fixed length control field 03383cam a22004458i 4500
001 - CONTROL NUMBER
control field 22223236
003 - CONTROL NUMBER IDENTIFIER
control field OSt
005 - DATE AND TIME OF LATEST TRANSACTION
control field 20260204165004.0
008 - FIXED-LENGTH DATA ELEMENTS--GENERAL INFORMATION
fixed length control field 210907s2022 enk b 001 0 eng
010 ## - LIBRARY OF CONGRESS CONTROL NUMBER
LC control number 2021036450
020 ## - INTERNATIONAL STANDARD BOOK NUMBER
International Standard Book Number 9781350105409
Qualifying information (hb)
020 ## - INTERNATIONAL STANDARD BOOK NUMBER
International Standard Book Number 9781350105393
Qualifying information (pb)
020 ## - INTERNATIONAL STANDARD BOOK NUMBER
Canceled/invalid ISBN 9781350105416
Qualifying information (epdf)
020 ## - INTERNATIONAL STANDARD BOOK NUMBER
Canceled/invalid ISBN 9781350105423
Qualifying information (ebook)
035 ## - SYSTEM CONTROL NUMBER
System control number 22223236
040 ## - CATALOGING SOURCE
Language of cataloging eng
Transcribing agency Foundation University
Description conventions rda
042 ## - AUTHENTICATION CODE
Authentication code pcc
043 ## - GEOGRAPHIC AREA CODE
Geographic area code e------
050 00 - LIBRARY OF CONGRESS CALL NUMBER
Classification number CB 204
Item number .2022 G35
100 1# - MAIN ENTRY--PERSONAL NAME
Personal name Galaty, David H.
Fuller form of name (David Holt),
Dates associated with a name 1942-
Relator term author.
9 (RLIN) 14510
245 10 - TITLE STATEMENT
Title Modern European intellectual history :
Remainder of title individuals, groupings, and technological change, 1800-2000 /
Statement of responsibility, etc. David Galaty.
246 30 - VARYING FORM OF TITLE
Title proper/short title Individuals, groupings, and technological change, 1800-2000
263 ## - PROJECTED PUBLICATION DATE
Projected publication date 2202
264 #1 - PRODUCTION, PUBLICATION, DISTRIBUTION, MANUFACTURE, AND COPYRIGHT NOTICE
Place of production, publication, distribution, manufacture London ;
-- New York :
Name of producer, publisher, distributor, manufacturer Bloomsbury Academic,
Date of production, publication, distribution, manufacture, copy right date 2022.
Copyright Date 2022.
300 ## - PHYSICAL DESCRIPTION
Extent xxi, 410 pages :
Other physical details illustrations ;
Dimensions 23 cm.
Materials specified resource
Type of unit volume
336 ## - CONTENT TYPE
Content type term text
Content type code txt
Source rdacontent
337 ## - MEDIA TYPE
Media type term unmediated
Media type code n
Source rdamedia
338 ## - CARRIER TYPE
Carrier type term volume
Carrier type code nc
Source rdacarrier
Materials specified resource
504 ## - BIBLIOGRAPHY, ETC. NOTE
Bibliography, etc. note Includes bibliographical references and index.
520 ## - ABSTRACT, SUMMARY, ETC.
Abstract, Summary, etc. "This non-technical introduction to modern European intellectual history traces the evolution of ideas in Europe from the turn of the 19th century to the modern day. Placing particular emphasis on the huge technological and scientific change that has taken place over the last two centuries, David Galaty shows how intellectual life has been driven by the conditions and problems posed by this world of technology. In everything from theories of beauty to studies in metaphysics, the technologically-based modern world has stimulated a host of competing theories and intellectual systems, often built around the opposing notions of 'the power of the individual' versus collectivist ideals like community, nation, tradition and transcendent experience. In an accessible, jargon-free style, Modern European Intellectual History unpicks these debates and historically analyses how thought has developed in Europe since the time of the French Revolution. Among other topics, the book explores: * The Kantian Revolution * Feminism and the Suffrage Movement * Socialism and Marxism * Nationalism * Structuralism * Quantum theory * Developments in the Arts * Postmodernism * Big Data and the Cyber Century Highly illustrated with 80 images and 10 tables, and further supported by an online Instructor's Guidet, this is the most important student resource on modern European intellectual history available today"--
Assigning source Provided by publisher.
650 #0 - SUBJECT ADDED ENTRY--TOPICAL TERM
Topical term or geographic name entry element Technology
General subdivision Social aspects
Geographic subdivision Europe
General subdivision History.
9 (RLIN) 14511
651 #0 - SUBJECT ADDED ENTRY--GEOGRAPHIC NAME
Geographic name Europe
General subdivision Civilization
Chronological subdivision 19th century.
9 (RLIN) 14512
651 #0 - SUBJECT ADDED ENTRY--GEOGRAPHIC NAME
Geographic name Europe
General subdivision Civilization
Chronological subdivision 20th century.
9 (RLIN) 14513
651 #0 - SUBJECT ADDED ENTRY--GEOGRAPHIC NAME
Geographic name Europe
General subdivision Intellectual life
Chronological subdivision 19th century.
9 (RLIN) 14514
651 #0 - SUBJECT ADDED ENTRY--GEOGRAPHIC NAME
Geographic name Europe
General subdivision Intellectual life
Chronological subdivision 20th century.
9 (RLIN) 14515
658 ## - INDEX TERM--CURRICULUM OBJECTIVE
Main curriculum objective Political Science, Master of Arts in :
Subordinate curriculum objective European Politics ;
Curriculum code POL334
776 08 - ADDITIONAL PHYSICAL FORM ENTRY
Relationship information Online version:
Main entry heading Galaty, David H. (David Holt), 1942-
Title Modern European intellectual history
Place, publisher, and date of publication London ; New York : Bloomsbury Academic, 2022
International Standard Book Number 9781350105416
Record control number (DLC) 2021036451
856 ## - ELECTRONIC LOCATION AND ACCESS
Uniform Resource Identifier <a href="https://drive.google.com/file/d/1DbxZ5YrfOR7BLJSGoNelMYaJURZ2jy-x/view?usp=sharing">https://drive.google.com/file/d/1DbxZ5YrfOR7BLJSGoNelMYaJURZ2jy-x/view?usp=sharing</a>
Link text Click here to view the table of content
942 ## - ADDED ENTRY ELEMENTS (KOHA)
Source of classification or shelving scheme Library of Congress Classification
Koha item type Books
Classification part CB 204
Item part .2022 G35
Call number prefix (CAS-PS)
Holdings
Uniform Resource Identifier Withdrawn status Lost status Source of classification or shelving scheme Damaged status Not for loan Collection code Home library Current library Shelving location Date acquired Source of acquisition Total Checkouts Full call number Barcode Date last seen Price effective from Koha item type Accession Number
https://drive.google.com/file/d/1DbxZ5YrfOR7BLJSGoNelMYaJURZ2jy-x/view?usp=sharing     Library of Congress Classification   Preservation Copy Non-fiction Foundation University Library Foundation University Library CoArts & Sciences 01/29/2026 QT   (CAS-PS) CB 204 .2022 G35 0072026015016 01/29/2026 01/29/2026 Books CAS-PS-2026016
https://drive.google.com/file/d/1DbxZ5YrfOR7BLJSGoNelMYaJURZ2jy-x/view?usp=sharing     Library of Congress Classification   Room Use Only Non-fiction Foundation University Library Foundation University Library CoArts & Sciences 01/29/2026 QT   (CAS-PS) CB 204 .2022 G35 c2 0072026015017 01/29/2026 01/29/2026 Books CAS-PS-2026017
https://drive.google.com/file/d/1DbxZ5YrfOR7BLJSGoNelMYaJURZ2jy-x/view?usp=sharing     Library of Congress Classification     Non-fiction Foundation University Library Foundation University Library CoArts & Sciences 01/29/2026 QT   (CAS-PS) CB 204 .2022 G35 c3 0072026015018 01/29/2026 01/29/2026 Books CAS-PS-2026018